[Event "Bengaluru Karnataka op"]
[Site "Bengaluru"]
[Date "2018.04.17"]
[Round "8"]
[White "Gavi, Siddayya"]
[Black "Ramachandra, Bhat"]
[Result "1-0"]
[WhiteElo "1993"]
[BlackElo "1661"]
[PlyCount "83"]
[EventDate "2018.04.14"]
[EventType "swiss"]
[EventRounds "10"]
[EventCountry "IND"]
[SourceTitle "CBM 184 Extra"]
[Source "ChessBase"]
[SourceDate "2018.06.28"]
[SourceVersion "1"]
[SourceVersionDate "2018.06.28"]
[SourceQuality "1"]

1. e4 e5 2. Nf3 Nc6 3. Bb5 a6 4. Ba4 Nf6 5. 0-0 Be7 6. d3 d6 7. c3 0-0 8. Nbd2 b5 9. Bc2 Nb8 10. Re1 c5 11. Nf1 Re8 12. Ng3 Nbd7 13. d4 Qc7 14. Nf5 Bf8 15. Bg5 Bb7 16. d5 h6 17. Be3 c4 18. h3 Kh7 19. g4 Ng8 20. g5 g6 21. gxh6 gxf5 22. Ng5+ Kg6 23. exf5+ Kf6 24. h7 Bg7 25. Qh5 Nc5 26. Nxf7 Ke7 27. h8Q Bxh8 28. Nxh8 Bxd5 29. Rad1 Qc6 30. Bxc5 Nf6 31. Ng6+ Kd8 32. Qh4 Qxc5 33. Qxf6+ Kc7 34. Qg7+ Kb6 35. Rxd5 Qxd5 36. Be4 Qd2 37. Qb7+ Ka5 38. Qc7+ Ka4 39. b3+ cxb3 40. axb3+ Kxb3 41. Rb1+ Ka4 42. Rb4+ 1-0

[Event "Bengaluru Karnataka op"]
[Site "Bengaluru"]
[Date "2018.04.15"]
[Round "4"]
[White "Kalki Eshwar, D."]
[Black "Gavi, Siddayya"]
[Result "1-0"]
[WhiteElo "1515"]
[BlackElo "1993"]
[PlyCount "89"]
[EventDate "2018.04.14"]
[EventType "swiss"]
[EventRounds "10"]
[EventCountry "IND"]
[SourceTitle "CBM 184 Extra"]
[Source "ChessBase"]
[SourceDate "2018.06.28"]
[SourceVersion "1"]
[SourceVersionDate "2018.06.28"]
[SourceQuality "1"]

1. e4 e5 2. Bc4 Nf6 3. d3 c6 4. Nf3 Be7 5. 0-0 d6 6. a3 0-0 7. Re1 Nbd7 8. h3 b5 9. Ba2 a5 10. c3 Qc7 11. Nbd2 Nc5 12. Nf1 Be6 13. Ng3 Bxa2 14. Rxa2 a4 15. d4 Ne6 16. Ra1 g6 17. Be3 c5 18. Qe2 Rfb8 19. Rac1 Bf8 20. d5 Ng7 21. Bg5 Nd7 22. h4 Ne8 23. h5 h6 24. hxg6 fxg6 25. Bd2 Ndf6 26. Nh2 Qh7 27. Rcd1 Ra7 28. f4 exf4 29. Bxf4 g5 30. Bc1 Re7 31. Qf2 Nxe4 32. Rxe4 Rxe4 33. Rf1 Be7 34. Nxe4 Qxe4 35. Qf7+ Kh8 36. Ng4 Ng7 37. Nf6 Bxf6 38. Qxf6 Qxd5 39. Qxh6+ Kg8 40. Bxg5 Rf8 41. Rxf8+ Kxf8 42. Bf6 Qd1+ 43. Kf2 Qc2+ 44. Kg3 Qd3+ 45. Kh2 1-0

[Event "Mumbai Wealth op"]
[Site "Mumbai"]
[Date "2016.02.02"]
[Round "6"]
[White "Dushyant, Sharma"]
[Black "Gavi, Siddayya"]
[Result "0-1"]
[WhiteElo "1732"]
[BlackElo "1971"]
[PlyCount "178"]
[EventDate "2016.01.28"]
[EventType "swiss"]
[EventRounds "9"]
[EventCountry "IND"]
[SourceTitle "CBM 170 Extra"]
[Source "ChessBase"]
[SourceDate "2016.02.25"]
[SourceVersion "1"]
[SourceVersionDate "2016.02.25"]
[SourceQuality "1"]

1. e4 c5 2. Nf3 d6 3. d4 cxd4 4. Nxd4 Nf6 5. Nc3 g6 6. Be2 Bg7 7. 0-0 0-0 8. Re1 Nc6 9. Nb3 a6 10. Bf1 b5 11. a4 b4 12. Nd5 e6 13. Nxf6+ Bxf6 14. Rb1 Qc7 15. Bf4 Rd8 16. Qd2 a5 17. Red1 Ne5 18. Nd4 Nc4 19. Qe2 Ba6 20. Qf3 Bg7 21. Bg5 Rd7 22. c3 Rb8 23. cxb4 Rxb4 24. Qh3 Qc5 25. Nc2 Rxb2 26. Rxb2 Nxb2 27. Rd5 Qc8 28. Bxa6 Qxa6 29. Rb5 Rb7 30. Qb3 Rxb5 31. Qxb5 Qc8 32. Ne3 h6 33. Be7 Qc1+ 34. Nf1 Nc4 35. Qc6 d5 36. exd5 exd5 37. Qa8+ Kh7 38. Qxd5 Qf4 39. g3 Qd4 40. Qxd4 Bxd4 41. Bd8 Kg7 42. Kg2 Kf8 43. Kf3 Ke8 44. Bc7 g5 45. Ke4 Bxf2 46. Kd5 Nb2 47. Bxa5 Nxa4 48. g4 Kf8 49. Ke5 Nb2 50. Kf5 Bc5 51. Ke4 Bd6 52. Bc3 Na4 53. Bd4 Bc5 54. Bxc5+ Nxc5+ 55. Kd4 Ne6+ 56. Ke5 Ke7 57. Ne3 f6+ 58. Ke4 Ng7 59. Ng2 Ke6 60. Ne3 h5 61. h3 h4 62. Ng2 Ne8 63. Ne3 Nd6+ 64. Kd4 Nf7 65. Ke4 Ne5 66. Nf5 Ng6 67. Nd4+ Kf7 68. Ne2 Kf8 69. Kf5 Kg7 70. Ke4 Kf7 71. Kf5 Ne7+ 72. Ke4 Ke6 73. Nd4+ Kd6 74. Nf5+ Nxf5 75. Kxf5 Ke7 76. Kg6 Ke6 77. Kh5 Kd5 78. Kg6 Ke5 79. Kh5 Kf4 80. Kg6 Kg3 81. Kxf6 Kxh3 82. Kxg5 Kg3 83. Kf5 h3 84. g5 h2 85. g6 h1Q 86. Kf6 Qf3+ 87. Ke7 Qe4+ 88. Kf7 Qf5+ 89. Kg7 Kg4 0-1

[Event "New Delhi Parsvnath op 13th"]
[Site "New Delhi"]
[Date "2015.01.13"]
[Round "7"]
[White "Anurag, Mhamal"]
[Black "Gavi, Siddayya"]
[Result "1-0"]
[WhiteElo "2446"]
[BlackElo "1938"]
[PlyCount "63"]
[EventDate "2015.01.09"]
[EventType "tourn"]
[EventRounds "10"]
[EventCountry "IND"]
[SourceTitle "CBM 164 Extra"]
[Source "ChessBase"]
[SourceDate "2015.03.02"]
[SourceVersion "1"]
[SourceVersionDate "2015.03.02"]
[SourceQuality "1"]

1. e4 c5 2. Nf3 d6 3. d4 cxd4 4. Qxd4 Nc6 5. Bb5 Bd7 6. Bxc6 Bxc6 7. Bg5 Nf6 8. Nc3 e6 9. 0-0 Be7 10. Rad1 Qc7 11. Rfe1 0-0 12. Qd3 Rfd8 13. Nd4 a6 14. Qg3 Nh5 15. Qe3 Re8 16. Bxe7 Qxe7 17. Rd3 Rac8 18. e5 dxe5 19. Qxe5 g6 20. Nxc6 Rxc6 21. Ne4 Qc7 22. Qxc7 Rxc7 23. g4 f5 24. Nd6 Nf4 25. Nxe8 Nxd3 26. cxd3 Rc6 27. Nf6+ Kg7 28. g5 h6 29. h4 hxg5 30. hxg5 Kf7 31. Re2 Rc7 32. f4 1-0

[Event "IND-chB 51st"]
[Site "Bhopal"]
[Date "2013.10.12"]
[Round "1"]
[White "Gavi, Siddayya"]
[Black "Debashis, Das"]
[Result "0-1"]
[WhiteElo "1956"]
[BlackElo "2497"]
[PlyCount "96"]
[EventDate "2013.10.12"]
[EventType "swiss"]
[EventRounds "13"]
[EventCountry "IND"]
[SourceTitle "EXT 2014"]
[Source "ChessBase"]
[SourceDate "2013.11.20"]
[SourceVersion "1"]
[SourceVersionDate "2013.11.20"]
[SourceQuality "1"]

1. e4 c5 2. Nc3 d6 3. f4 Nc6 4. Nf3 g6 5. Bb5 Bd7 6. 0-0 Bg7 7. Qe1 Nb4 8. Qd1 Bxb5 9. Nxb5 Qd7 10. Na3 Nh6 11. d3 f5 12. c3 Nc6 13. Qe1 0-0 14. Bd2 Rae8 15. Qh4 Nf7 16. Rae1 a6 17. Nc4 e6 18. Ne3 d5 19. Nd1 fxe4 20. dxe4 dxe4 21. Rxe4 e5 22. Rfe1 Nd6 23. R4e2 Bf6 24. Ng5 Nf5 25. Qh3 c4 26. Nf2 h6 27. Nf3 exf4 28. Bxf4 Rxe2 29. Rxe2 g5 30. Bd2 Bg7 31. Qg4 Qf7 32. Qe4 Rd8 33. g4 Nfe7 34. Qe6 Ng6 35. Qxf7+ Kxf7 36. h3 Rd5 37. Be3 b5 38. Kf1 b4 39. cxb4 Nxb4 40. a3 Nd3 41. Rc2 Nxb2 42. Bc1 c3 43. Ke2 Nf4+ 44. Bxf4 gxf4 45. Ne4 Rd3 46. Nc5 Re3+ 47. Kf2 Bf8 48. Ne4 Rxe4 0-1

[Event "Chennai op 5th"]
[Site "Chennai"]
[Date "2013.01.18"]
[Round "3"]
[White "Gavi, Siddayya"]
[Black "Ziatdinov, Raset"]
[Result "0-1"]
[WhiteElo "1958"]
[BlackElo "2354"]
[PlyCount "58"]
[EventDate "2013.01.16"]
[EventType "swiss"]
[EventRounds "11"]
[EventCountry "IND"]
[SourceTitle "CBM 152 Extra"]
[Source "ChessBase"]
[SourceDate "2013.02.25"]
[SourceVersion "1"]
[SourceVersionDate "2013.02.25"]
[SourceQuality "1"]

1. e4 d6 2. d4 Nf6 3. Nc3 g6 4. Be3 Bg7 5. Qd2 Ng4 6. Bg5 f6 7. Bh4 e5 8. f3 exd4 9. Nb5 Ne3 10. Nxd4 Nxf1 11. Kxf1 0-0 12. Nge2 d5 13. exd5 Qxd5 14. Nb3 Qf7 15. Rd1 Nc6 16. Kf2 Bf5 17. a3 Rad8 18. Qc3 Bc8 19. Nbd4 Nxd4 20. Rxd4 Rde8 21. Rf4 f5 22. Rd4 b6 23. Qd3 Bxd4+ 24. Nxd4 h6 25. Kg1 c5 26. Ne2 g5 27. Be1 f4 28. h4 Re3 29. Qd1 Rfe8 0-1

[Event "Ravana op"]
[Site "Ravana"]
[Date "2009.09.17"]
[Round "7"]
[White "Gavi, Siddayya"]
[Black "Kostenko, Petr"]
[Result "1/2-1/2"]
[WhiteElo "2013"]
[BlackElo "2491"]
[PlyCount "93"]
[EventDate "2009.09.13"]
[EventType "swiss"]
[EventRounds "10"]
[EventCountry "SRI"]
[SourceTitle "EXT 2010"]
[Source "ChessBase"]
[SourceDate "2010.11.25"]
[SourceVersion "1"]
[SourceVersionDate "2010.11.25"]
[SourceQuality "1"]

1. e4 c5 2. Nf3 e6 3. d4 cxd4 4. Nxd4 a6 5. Bd3 d6 6. 0-0 Nd7 7. c4 b6 8. Nc3 Bb7 9. Qe2 Ngf6 10. Be3 Rc8 11. Nf3 Be7 12. Rac1 0-0 13. Bb1 Qc7 14. b3 Ba8 15. Rfd1 Rfd8 16. Bf4 Qc6 17. Bg5 Qb7 18. Bf4 Nf8 19. h3 Ng6 20. Bh2 Ne8 21. Qe3 Bf6 22. Na4 Rb8 23. Ne1 b5 24. cxb5 axb5 25. Nc3 Qa6 26. Ne2 Rdc8 27. Ng3 Bb2 28. Rxc8 Rxc8 29. Nd3 Ba3 30. Nh5 Qc6 31. Ndf4 Bc5 32. Qe2 Qb6 33. Nd3 Ba3 34. Nhf4 Nf6 35. Nxg6 hxg6 36. Ne1 Bc5 37. Bd3 b4 38. Kf1 Qc6 39. f3 Qb6 40. Ba6 Rf8 41. Qb5 Qxb5+ 42. Bxb5 d5 43. e5 Rb8 44. Ba4 Nh7 45. Rc1 Be3 46. Rc7 Bb6 47. Rc2 1/2-1/2

[Event "Ravana op"]
[Site "Ravana"]
[Date "2009.09.17"]
[Round "8"]
[White "Maheswaran, Palsamy"]
[Black "Gavi, Siddayya"]
[Result "1/2-1/2"]
[WhiteElo "2347"]
[BlackElo "2013"]
[PlyCount "40"]
[EventDate "2009.09.13"]
[EventType "swiss"]
[EventRounds "10"]
[EventCountry "SRI"]
[SourceTitle "EXT 2010"]
[Source "ChessBase"]
[SourceDate "2010.11.25"]
[SourceVersion "1"]
[SourceVersionDate "2010.11.25"]
[SourceQuality "1"]

1. d4 Nf6 2. c4 g6 3. Nf3 Bg7 4. Nc3 d5 5. cxd5 Nxd5 6. Bd2 c5 7. Rc1 Nxc3 8. Bxc3 cxd4 9. Bxd4 0-0 10. Bxg7 Kxg7 11. Qd4+ Kg8 12. e3 Nc6 13. Qxd8 Rxd8 14. Bb5 Bd7 15. 0-0 a6 16. Be2 e5 17. Bc4 h6 18. Bd5 Re8 19. Rfd1 Re7 20. h3 Rb8 1/2-1/2